Elementary theory of analytic functions of one or several complex variables /
Guardado en:
| Autor Principal: | |
|---|---|
| Formato: | Libro |
| Idioma: | English French |
| Publicado: |
Paris : Reading, Mass. :
Éditions Scientifiques Hermann ; Addison-Wesley,
c1963.
|
| Series: | Enseignement des sciences
Adiwes international series in mathematics |
| Etiquetas: |
Agregar Etiqueta
Sin Etiquetas, Sea el primero en etiquetar este registro!
|
| LEADER | 00979nam a22002175a 4500 | ||
|---|---|---|---|
| 001 | MAT.inmabb001234 | ||
| 008 | 031121s1963####fr############000#0#eng#d | ||
| 005 | 20160322175745.0 | ||
| 245 | 1 | 0 | |a Elementary theory of analytic functions of one or several complex variables / |c Henri Cartan. |
| 260 | |a Paris : |b Éditions Scientifiques Hermann ; |a Reading, Mass. : |b Addison-Wesley, |c c1963. | ||
| 300 | |a 226 p. ; |c 25 cm. | ||
| 440 | 0 | |a Enseignement des sciences | |
| 440 | 0 | |a Adiwes international series in mathematics | |
| 500 | |a Translated from Théorie élémentaire des fonctions analytiques d'une ou plusieurs variables complexes, Hermann, Paris. | ||
| 510 | 4 | |a MR, |c 27 #4911 | |
| 100 | 1 | |a Cartan, Henri Paul, |d 1904- | |
| 240 | 1 | 0 | |a Théorie élémentaire des fonctions analytiques d'une ou plusieurs variables complexes. |l Inglés |
| 084 | |a 30-01 (32-01) |2 msc2000 | ||
| 041 | 1 | |a eng |h fre | |
| 859 | |h 30 |i C322i |p A-1418 |b BIB. MATEMATICA | ||
| 859 | |h 30 |i C322i |p A-1437 |t Ej. 2 |b BIB. MATEMATICA | ||
